| 000 | 00524nam a2200169Ia 4500 | ||
|---|---|---|---|
| 008 | 090201s9999 xx 000 0 und d | ||
| 010 | _aKPL-32933 | ||
| 040 | _bमराठी | ||
| 041 | _aमराठी | ||
| 082 |
_a39284 _b32933 |
||
| 100 | _aमंदाकिनी भारद्वाज | ||
| 245 |
_aभुरळ _cमंदाकिनी भारद्वाज |
||
| 260 |
_c2004 _bदिपाली प्रकाशन |
||
| 300 |
_a187 _bमोठा |
||
| 600 | _aभुरळ | ||
| 942 | _cBOOK | ||
| 999 |
_c236635 _d236635 |
||